Vereine aus Baden-Württemberg - Statistiken

Allgemein
  • Dieses Quiz wurde 108 mal gespielt
  • Das Durchschnittsergebnis liegt bei 10 aus 26
Antwortstatistiken
Höchste Liga/
(Aktuelle Liga)
Verein % Korrekt
Bundesliga(Bundesliga) VfB Stuttgart
96%
Bundesliga(Bundesliga) SC Freiburg
90%
Bundesliga(2.Bundesliga) Karlsruher SC
83%
Bundesliga(Bundesliga) TSG Hoffenheim
81%
Bundesliga(Regionalliga) Stuttgarter Kickers
75%
Bundesliga(3. Liga) Waldhof Mannheim
72%
Bundesliga(2.Bundesliga) SSV Ulm
69%
Bundesliga(Bundesliga) 1. FC Heidenheim
67%
2. Bundesliga(3. Liga) SV Sandhausen
55%
2. Bundesliga(Oberliga) SSV Reutlingen 05
45%
2. Bundesliga(Oberliga) VfR Aalen
43%
3. Liga(Oberliga) SG Sonnenhof Großaspach
35%
2. Bundesliga(Oberliga) VfR Mannheim
31%
2. Bundesliga(Verbandsliga) Freiburger FC
27%
2. Bundesliga(Verbandsliga) VfR Heilbronn
22%
Regionalliga(Regionalliga) Bahlinger SC
21%
Regionalliga(Regionalliga) FC 08 Villingen
17%
Regionalliga(Oberliga) TSG Balingen
17%
Regionalliga(Regionalliga) Göppinger SV
13%
Regionalliga(Regionalliga) SGV Freiberg
13%
Regionalliga(Oberliga) FC Nöttingen
10%
Regionalliga(Verbandsliga) SC Pfullendorf
7%
2. Bundesliga(Landesliga) BSV Schwenningen
4%
Regionalliga(Regionalliga) FC Astoria Walddorf
2%
Regionalliga(Verbandsliga) SV Spielberg
2%
Regionalliga(Landesliga) SpVgg Neckarelz
1%
Keine übereinstimmenden Quizze gefunden
Verteilung der Resultate
Anzahl Personen mit jedem Resultat
Perzentil nach korrekt beantworteten Fragen
Ihre Resultats-Entwicklung
Sie haben dieses Quiz noch nicht gespielt